Statistiken für Größten Städte in Ostpreußen

Klicken Sie hier um das Quiz zu spielen!

Allgemein

  • Dieses Quiz wurde 55 mal gespielt
  • Das Durchschnittsergebnis liegt bei 4 aus 16

Antwortstatistiken

HintAntwort% Korrekt
360.5771.Königsberg (Pr)
96%
50.3964.Allenstein
42%
41.2976.Memel
38%
59.1053.Tilsit
36%
48.7115.Insterburg
31%
85.9522.Elbing
29%
19.63411.Rastenburg
22%
26.0007.Marienburg (Westpr.)
20%
14.00015.Lötzen
18%
21.1429.Braunsberg
16%
24.5348.Gumbinnen
16%
16.48213.Lyck
16%
19.51912.Osterode i. Ostpr.
16%
14.23414.Ortelsburg
11%
20.01010.Marienwerder
7%
12.91216.Bartenstein
4%

Verteilung der Resultate

Perzentil nach korrekt beantworteten Fragen

Anzahl Personen mit jedem Resultat

Ihre Resultats-Entwicklung

Sie haben dieses Quiz noch nicht gespielt